Textos filosóficos. Antología

Saved in:
書目詳細資料
Main Authors: Navarro Cordón, Juan Manuel (autor), Calvo Martínez, Tomás (Author)
格式: 圖書
語言:西班牙语
出版: Madrid Anaya 1982
叢編:Manuales de Orientación Universitaria
主題:
標簽: 添加標簽
沒有標簽, 成為第一個標記此記錄!

MARC

LEADER 00000nam a2200000 a 4500
001 UCZ8144
003 CL-VaPUC
008 960112e19820000SP |||||||||||||||||spa|d
082 0 4 |a 102  |b NAV  |2 21 
100 |a Navarro Cordón, Juan Manuel  |e autor  |9 429278 
700 0 |a Calvo Martínez, Tomás  |e author  |9 353315 
245 1 0 |a Textos filosóficos. Antología 
300 |a 823 p 
942 |c BK 
945 |d 19960112 00:00:00  |a lriquelm 
260 |a Madrid  |b Anaya  |c 1982 
650 0 |a Filosofía   |9 223554 
650 0 |a Antologías  |9 309836 
650 0 |a Filósofos   |9 269126 
650 0 |a Historia de la filosofía  |9 256920 
650 0 |a Escuelas filosóficas   |9 266232 
583 |a last modification  |c 19960112 00:00:00  |k Rodrigo Vera 
490 0 |a Manuales de Orientación Universitaria 
999 |c 244098  |d 244096 
952 |0 0  |1 0  |4 0  |6 102_000000000000000_NAV_1982  |7 0  |8 A  |9 258033  |a BIBEDU  |b BIBEDU  |d 2019-11-19  |i 1617710  |l 1  |o 102 NAV 1982  |p 1617710  |r 2025-01-28  |s 2024-12-13  |w 2019-11-19  |y BK  |k EDU